Trombinoscope - Joueurs de tennis - Statistiques

Statistiques générales
  • Ce quiz a été pris 146 fois
    90 depuis la dernière actualisation
  • Le résultat moyen est 49 sur 100
Statistiques - réponses
Hint Réponse % Correct
Gaël Monfils mc65
89%
Roger Federer f324
87%
Rafael Nadal n409
85%
Carlos Alcaraz a0e2
83%
Jo-Wilfried Tsonga t786
83%
Novak Djokovic d643
81%
Jannik Sinner s0ag
81%
Yannick Noah n022
80%
Stephanos Tsitsipas te51
78%
Venus Williams SjN0Q5wS-2ZI9kSri.png
76%
Andy Murray mc10
76%
Stan Wawrinka w367
76%
Richard Gasquet g628
74%
Frances Tiafoe td51
74%
Alexander Zverev z355
74%
Naomi Osaka 6NjdR1zB-YgRjYWBf.png
72%
Aryna Sabalenka xhwEtyEa-I9HZAz1R.png
72%
Félix Auger-Aliassime ag37
72%
Adrian Mannarino me82
70%
Alizé Cornet lQPB2iXg-K2TN3IsA.png
69%
Iga Świątek S2NdWdWg-tOt4Rhy2.png
69%
Coco Gauff UDnGEpDr-GWXWkTPf.png
69%
Daniil Medvedev mm58
69%
Ben Shelton s0s1
69%
Nick Kyrgios ke17
67%
Mirra Andreeva ncDnFmzB-xE40e4KN.png
65%
Holger Rune r0dg
65%
Andrey Rublev re44
65%
Justine Henin UuGEWQzS-pONlzSE6.png
63%
Andre Agassi a092
63%
Casper Ruud rh16
63%
Amélie Mauresmo 422qnjWg-A5oxoqTO.png
61%
Serena Williams UTYDwlhl-Iy6C0Gmg.png
59%
Grigor Dimitrov d875
59%
Kei Nishikori n552
59%
Dominic Thiem tb69
59%
Caroline Garcia YyYoCxZg-fa4Gaz3a.png
57%
Michael Chang c274
57%
Alex de Minaur dh58
57%
Alexander Bublik bk92
56%
Juan Martin Del Potro d683
56%
Taylor Fritz fb98
56%
Qinwen Zheng b7N9NHdM-MZFHcn8n.png
54%
Karen Khachanov ke29
54%
Elina Svitolina 0hCIo7h5-WCqsXbkh.png
52%
Ons Jabeur 6o0yx4Ea-fat8ijKF.png
52%
Emma Raducanu pSuxRHh5-SKx4OxTc.png
50%
Matteo Berrettini bk40
48%
Björn Borg b058
46%
Marin Čilić c977
46%
John Isner i186
46%
Jessica Pegula GS3hkKzB-nRUkF0Ol.png
44%
Jack Draper d0co
44%
Tommy Paul pl56
44%
Madison Keys I3KQvBYA-nqGgcXEd.png
43%
Mary Pierce M9Gl4YFG-MXE50OSB.png
43%
Billie Jean King 2c1b901106-450.webp
43%
Maria Sakkari z1j8gqDa-65ljy5se.png
41%
John McEnroe m047
41%
Cameron Norrie n771
41%
Elena Rybakina nwc71xXg-2wyL104C.png
39%
Boris Becker b028
39%
Marat Safin s741
39%
Steffi Graf Ui5H9Ff5-xdPeMRHK.png
37%
David Ferrer f401
37%
Hubert Hurkacz hb71
37%
Gustavo Kuerten k293
37%
Pete Sampras s402
37%
Jelena Ostapenko 2iOITHXg-zmgTzryp.png
35%
Leylah Fernandez IyCpYpil-4fqh9y3m.png
35%
Danielle Collins EcGs0qg5-xAjkksyn.png
33%
Markéta Vondroušová hMQXSef5-YR0AUUlE.png
31%
Rod Laver l058
31%
Andy Roddick r485
31%
Beatriz Haddad Maia bav7yycM-8Osa5clS.png
30%
Martina Navrátilová WhYX5xe5-04aR4Dbo.png
30%
Arthur Ashe a063
30%
Stefan Edberg e004
30%
Lleyton Hewitt h432
30%
Goran Ivanišević i034
28%
Thomas Muster m099
28%
Victoria Azarenka GGcMxQil-On4u8E9m.png
26%
Francesca Schiavone I7RLZUzS-QiQFkulc.png
26%
Daria Kasatkina KMuBc6HG-Sjqf47A4.png
26%
Karolina Muchova zPfjENFG-jX0SdYnI.png
26%
Jimmy Connors c044
26%
Mats Wilander w023
26%
Martina Hingis tvxUkNil-Mwf4sJNT.png
24%
Anett Kontaveit 8MYcDaFG-Ct2OcEXB.png
22%
Monica Seles CzqNqCzS-MsSmOmm8.png
22%
Kim Clijsters EPU7LJCr-rBV9eU92.png
22%
Belinda Bencic v7rReKGG-CzsoFbbA.png
22%
Ivan Lendl l018
22%
David Nalbandian n301
22%
Lindsay Davenport bmQ6fcHG-rHxYtwWL.png
20%
Arantxa Sánchez Vicario KAyA2xZg-tpSBFVIe.png
20%
Ken Rosewall r075
17%
Patrick Rafter r255
17%
Guillermo Vilas v028
17%
Veronika Kudermetova bisVj4Ea-UV9jWoVn.png
15%
Aucun quiz correspondant
Distribution des résultats
% des personnes avec chaque résultat
Percentile par nombre de réponses
Votre historique - résultats
Vous n’avez pas pris ce quiz depuis la dernière actualisation